| 000 | 01668nam a2200289 a 4500 | ||
|---|---|---|---|
| 001 | 1758182 | ||
| 003 | AM-YEHGA | ||
| 005 | 20250618080127.0 | ||
| 008 | 210226s2020 ai a||||||||||||||0|arm|d | ||
| 020 | _a9789939922737 | ||
| 040 | _aAM-YeHGA | ||
| 041 | 0 |
_aarm _brus _beng |
|
| 100 | 1 | _aԱվանեսյան, Լիլիա | |
| 245 | 1 | 0 |
_aՀայկական գորգերի զարդաձևերի ծագումնաբանությունն ու իմաստաբանությունը / _cԼ. Ավանեսյան ; [Խմբագիր՝ Ա. Գրիգորյան ; Անգլ. թարգմանիչ՝ Ա. Ֆրունջյան, Ռուս. թարգմանիչ՝ Ա. Թումաղայան ; Սրբագրիչ՝ Ջ.Կարապետյան ; Ձևավորում՝ Ա. Հարությունյան] ; Հայաստանի պատմության թանգարան. |
| 260 |
_aԵրևան : _bՀայաստանի պատմության թանգարան, _c2020. |
||
| 300 |
_a151 էջ : _bլուսանկ. ; _c29 սմ. |
||
| 504 | _aՏողատակում՝ ծանոթագրություններ : Գրականության ցանկ՝ 137-143 : Ցանկ՝ էջ 145-151: | ||
| 546 | _aԱմփուփումը՝ ռուսերեն և անգլերեն: | ||
| 650 | 1 | 4 |
_aԳորգագործություն _zՀայաստան |
| 700 | 1 |
_aԳրիգորյան, Անելկա _eխմբ. _4edt |
|
| 700 | 1 |
_aԹումաղայան, Աննա _eթարգմ. _4trl |
|
| 700 | 1 |
_aԿարապետյան, Ջուլիետտա _eսրբագրիչ _4crr |
|
| 700 | 1 |
_aՀարությունյան, Արթուր _eձևավորում _4dsn _99449 |
|
| 710 | 2 | _aՀայաստանի պատմության թանգարան | |
| 942 |
_2udc _cBK _01 |
||
| 090 | _c567219 | ||
| 999 |
_c528909 _d528909 |
||